Discrete mathematical structures with applications to computer science
Αποθηκεύτηκε σε:
| Κύριος συγγραφέας: | |
|---|---|
| Άλλοι συγγραφείς: | |
| Μορφή: | Βιβλίο |
| Γλώσσα: | English |
| Δημοσίευση: |
New York :
McGraw-Hill,
c1987 (1988 printing)
|
| Σειρά: | McGraw-Hill computer science series
|
| Θέματα: | |
| Ετικέτες: |
Προσθήκη ετικέτας
Δεν υπάρχουν, Καταχωρήστε ετικέτα πρώτοι!
|
MARC
| LEADER | 00000nam a2200000 i 4500 | ||
|---|---|---|---|
| 001 | 1/59030 | ||
| 008 | 941103s19871988 eng d | ||
| 020 | |a 0-07-100322-3 | ||
| 035 | |a 1990 |l 10046010 | ||
| 040 | |a GR-MY-UA |b gre |e aacr | ||
| 041 | 0 | |a eng | |
| 082 | 0 | |a 511.30285 | |
| 100 | 1 | |a Tremblay, Jean-Paul |d 1938- | |
| 245 | 1 | 0 | |a Discrete mathematical structures with applications to computer science / |c J.P. Tremblay, R. Manohar |
| 260 | |a New York : |b McGraw-Hill, |c c1987 (1988 printing) | ||
| 300 | |a xvi, 606 p.; |b ill.; |c 24 cm. | ||
| 490 | 1 | |a McGraw-Hill computer science series | |
| 500 | |a Includes bibliographical references and index | ||
| 650 | 0 | 0 | |a Computer science |x Mathematics. |
| 650 | 0 | 0 | |a Mathematics |x Data processing. |
| 700 | 1 | |a Manohar, R. |d 1925- | |
| 830 | 0 | |a McGraw-Hill computer science series | |
| 852 | |a INST |b SAMOS |e 19941103 |h 511.30285 TRE |p 005300001795 |q 005300001795 |t BK |y 0 | ||
| 909 | |a Σ |b 016730 | ||